| 000 | 00590nam a2200205Ia 4500 | ||
|---|---|---|---|
| 005 | 20250923145148.0 | ||
| 008 | 008 250917s9999 xx 000 0 eng d | ||
| 037 | _aTextual | ||
| 040 |
_aDSWL _beng _cDSWL |
||
| 041 |
_aeng _2eng |
||
| 084 |
_aY3.73'N20<-M60, N68 _qDSWL |
||
| 100 |
_aWilson, R. Jackson _9832403 |
||
| 245 | 0 |
_aIn Quest of community _cby R. Wilson |
|
| 260 |
_aNew York _b John Wiley & Sons _c1968 |
||
| 300 | _avii,270p. | ||
| 365 |
_aUSD _b6.95 |
||
| 925 | _g6.95 | ||
| 942 |
_cTEXL _hY3.73'N20<-M60, N68 |
||
| 999 |
_c1447900 _d1447900 |
||